[Event "4NCL/Div3/PAP vs. SWD2"]
[Site "Coventry ENG"]
[Date "2007.01.13"]
[Round "5.6"]
[White "Burton, Graham P"]
[Black "Yurenok, Maria S"]
[Result "1-0"]
[WhiteElo "2115"]
[BlackElo "2030"]
[PlyCount "57"]
[EventDate "2007.01.13"]
[EventType "team"]
[EventRounds "11"]
[EventCountry "ENG"]
[WhiteTeam "S W Dragons 2"]
[BlackTeam "Pride+Prejudice"]

1. e4 c5 2. Nf3 e6 3. d4 cxd4 4. Nxd4 Nc6 5. Nc3 Qc7 6. Be3 a6 7. Bd3 Nf6 8.
Nb3 Ne5 9. Bd4 Be7 10. O-O O-O 11. f4 Ng6 12. e5 Ne8 13. Qh5 f5 14. Rf3 b5 15.
Rh3 Nxf4 16. Qxh7+ Kf7 17. Bxf5 Nxh3+ 18. Bxh3 Bg5 19. Rf1+ Ke7 20. Rxf8 Kxf8
21. Bc5+ Qxc5+ 22. Nxc5 Be3+ 23. Kh1 Bxc5 24. Ne4 Bd4 25. Qh8+ Ke7 26. Qh4+ Kf8
27. Qf4+ Kg8 28. Ng5 Bc5 29. Qf7+ 1-0

[Event "4NCL/Div3/PAP vs. SWD2"]
[Site "Coventry ENG"]
[Date "2007.01.13"]
[Round "5.7"]
[White "Kieran, Rosalind A"]
[Black "Miles, Richard"]
[Result "0-1"]
[WhiteElo "2048"]
[BlackElo "2035"]
[PlyCount "68"]
[EventDate "2007.01.13"]
[EventType "team"]
[EventRounds "11"]
[EventCountry "ENG"]
[WhiteTeam "Pride+Prejudice"]
[BlackTeam "S W Dragons 2"]

1. e4 c5 2. Nf3 e6 3. d4 cxd4 4. Nxd4 Nc6 5. Nb5 d6 6. c4 a6 7. N5a3 Nf6 8. Nc3
Be7 9. Be3 O-O 10. Be2 b6 11. O-O Bb7 12. f3 Re8 13. Na4 d5 14. Bxb6 Qb8 15.
exd5 exd5 16. c5 Qf4 17. Re1 Nd4 18. Bd3 Ne6 19. Rc1 Bc6 20. Bc2 g6 21. Bb3 Qg5
22. Ba5 Nf4 23. Qd2 Qh4 24. Nb6 Rab8 25. g3 Nh3+ 26. Kg2 Qh5 27. Qd4 Ng5 28.
Re3 Qh3+ 29. Kg1 Bf8 30. Rce1 Rxe3 31. Rxe3 Bg7 32. Qf4 Re8 33. Rxe8+ Nxe8 34.
Qxg5 Bd4+ 0-1

[Event "4NCL/Div3/PAP vs. SWD2"]
[Site "Coventry ENG"]
[Date "2007.01.13"]
[Round "5.8"]
[White "van Kemenade, Julie"]
[Black "Thilaganathan, Jessica"]
[Result "1/2-1/2"]
[WhiteElo "1925"]
[BlackElo "1880"]
[PlyCount "36"]
[EventDate "2007.01.13"]
[EventType "team"]
[EventRounds "11"]
[EventCountry "ENG"]
[WhiteTeam "S W Dragons 2"]
[BlackTeam "Pride+Prejudice"]

1. f4 d5 2. Nf3 g6 3. g3 Bg7 4. Bg2 c5 5. d3 Nc6 6. c3 Nh6 7. O-O d4 8. c4 Nf5
9. Na3 h5 10. Qe1 Nb4 11. Ng5 Rb8 12. Be4 Nd6 13. Bd2 a5 14. Bxb4 axb4 15. Nc2
Bf6 16. Nf3 Bh3 17. Rf2 e6 18. Qd2 h4 1/2-1/2

[Event "4NCL/Div3/WES2 vs. BRI2"]
[Site "Coventry ENG"]
[Date "2007.01.13"]
[Round "5.1"]
[White "Rutter, Nicholas"]
[Black "Collier, David O"]
[Result "0-1"]
[WhiteElo "2189"]
[BlackElo "2149"]
[PlyCount "124"]
[EventDate "2007.01.13"]
[EventType "team"]
[EventRounds "11"]
[EventCountry "ENG"]
[WhiteTeam "Wessex 2"]
[BlackTeam "Bristol 2"]

1. e4 e6 2. d4 d5 3. e5 c5 4. c3 Nc6 5. Nf3 Qb6 6. a3 Bd7 7. h4 f6 8. b4 cxd4
9. cxd4 a6 10. Be3 Rc8 11. Be2 Nge7 12. Bd3 Qc7 13. Bf4 Na7 14. O-O Bb5 15. Re1
Bxd3 16. Qxd3 f5 17. Rc1 Qd7 18. Nc3 Ng6 19. Ne2 Nxf4 20. Nxf4 Be7 21. Rxc8+
Qxc8 22. Qd2 Kd7 23. Rc1 Qb8 24. Nd3 b6 25. Qc2 Rc8 26. Qa4+ Nb5 27. Qxa6 Rxc1+
28. Nxc1 Nc3 29. Ne2 Nxe2+ 30. Qxe2 Qc7 31. Qd2 Qc4 32. g3 Qb3 33. Qe3 Qxe3 34.
fxe3 Kc6 35. a4 Bxb4 36. Ng5 Kd7 37. Nxh7 Be7 38. Kf2 Ke8 39. Ke2 Kf7 40. Kd3
Kg6 41. Ng5 Bxg5 42. hxg5 Kxg5 43. Kc3 Kg4 44. Kb4 Kxg3 45. Kb5 f4 46. exf4
Kxf4 47. Kxb6 g5 48. a5 g4 49. a6 g3 50. a7 g2 51. a8=Q g1=Q 52. Qa4 Qc1 53.
Qe8 Qc4 54. Qf7+ Ke4 55. Qg6+ Kxd4 56. Qxe6 Qe2 57. Qd6 Qxe5 58. Qb4+ Kd3 59.
Qb1+ Kd2 60. Qa2+ Ke3 61. Qb3+ Kf4 62. Qh3 Qe3+ 0-1

[Event "4NCL/Div3/WES2 vs. BRI2"]
[Site "Coventry ENG"]
[Date "2007.01.13"]
[Round "5.2"]
[White "Easton, Alex"]
[Black "Clark, Ian C"]
[Result "1-0"]
[WhiteElo "2137"]
[BlackElo "2123"]
[PlyCount "127"]
[EventDate "2007.01.13"]
[EventType "team"]
[EventRounds "11"]
[EventCountry "ENG"]
[WhiteTeam "Bristol 2"]
[BlackTeam "Wessex 2"]

1. Nf3 d5 2. d4 Nf6 3. c4 dxc4 4. e3 e6 5. Bxc4 c5 6. O-O cxd4 7. exd4 Nc6 8.
Nc3 Be7 9. a3 O-O 10. Qd3 a6 11. Bg5 b5 12. Ba2 b4 13. Bb1 g6 14. Ne2 bxa3 15.
bxa3 Bb7 16. Ng3 Na5 17. Rd1 Rc8 18. h4 Nd5 19. Bh6 Re8 20. h5 Nc3 21. hxg6
hxg6 22. Re1 Bf6 23. Bc2 e5 24. Nxe5 Bxe5 25. Rxe5 Rxe5 26. dxe5 Qxd3 27. Bxd3
Rd8 28. Bf1 Nb3 29. Re1 Nd4 30. Bg5 Re8 31. Bd2 Ncb5 32. a4 Nc7 33. Bc3 Nde6
34. Rd1 Nd5 35. Ba1 Nb4 36. f3 Nc2 37. Kf2 Nxa1 38. Rxa1 Rc8 39. Rb1 Rc2+ 40.
Kg1 Bc6 41. a5 Nf4 42. Rb4 Nd5 43. Rc4 Rxc4 44. Bxc4 Nb4 45. Ne2 Bd5 46. Bxd5
Nxd5 47. Kf2 Nb4 48. Nd4 Nd3+ 49. Ke3 Nxe5 50. Ke4 Nc4 51. Nb3 Kg7 52. Kd4 Nxa5
53. Nxa5 Kf6 54. Nc4 Kg5 55. g3 f5 56. Ke5 Kh6 57. Kf6 Kh5 58. Ne5 a5 59. Nxg6
a4 60. Nf4+ Kh6 61. Nd5 a3 62. Nc3 f4 63. gxf4 Kh7 64. Kf7 1-0

[Event "4NCL/Div3/WES2 vs. BRI2"]
[Site "Coventry ENG"]
[Date "2007.01.13"]
[Round "5.3"]
[White "Pleasants, Allan J"]
[Black "Dilleigh, Stephen P"]
[Result "1/2-1/2"]
[WhiteElo "2075"]
[BlackElo "2125"]
[PlyCount "51"]
[EventDate "2007.01.13"]
[EventType "team"]
[EventRounds "11"]
[EventCountry "ENG"]
[WhiteTeam "Wessex 2"]
[BlackTeam "Bristol 2"]

1. f4 d5 2. Nf3 g6 3. e3 Bg7 4. d4 Nf6 5. Bd3 c5 6. c3 Qc7 7. Ne5 Nbd7 8. O-O
O-O 9. Nd2 b6 10. Qe1 Bb7 11. Qh4 e6 12. Ndf3 Ne4 13. Nxd7 Qxd7 14. Ne5 Qd8 15.
Qg4 Qe7 16. Qe2 f6 17. Nf3 e5 18. dxe5 fxe5 19. Bxe4 dxe4 20. Nxe5 Bxe5 21.
fxe5 Rxf1+ 22. Qxf1 Qxe5 23. Bd2 Rf8 24. Qe2 Qd5 25. c4 Qd6 26. Bc3 1/2-1/2

[Event "4NCL/Div3/WES2 vs. BRI2"]
[Site "Coventry ENG"]
[Date "2007.01.13"]
[Round "5.4"]
[White "Curtis, John"]
[Black "Jenks, Bruce"]
[Result "0-1"]
[WhiteElo "2127"]
[BlackElo "2099"]
[PlyCount "80"]
[EventDate "2007.01.13"]
[EventType "team"]
[EventRounds "11"]
[EventCountry "ENG"]
[WhiteTeam "Bristol 2"]
[BlackTeam "Wessex 2"]

1. d4 Nf6 2. Nf3 c5 3. d5 b5 4. Bg5 Qb6 5. c3 d6 6. Bxf6 exf6 7. e4 Nd7 8. Nbd2
Rb8 9. a4 a6 10. Be2 g6 11. O-O Bg7 12. Ne1 O-O 13. f4 Re8 14. Kh1 c4 15. axb5
axb5 16. Bg4 f5 17. Bf3 Nc5 18. exf5 Bxf5 19. g4 Bd3 20. Nxd3 Nxd3 21. Qc2 Nxf4
22. Ne4 Nxd5 23. Qd2 Re5 24. Rfd1 Qe3 25. Qxe3 Nxe3 26. Rxd6 Nxg4 27. Bxg4 Rxe4
28. Bf3 Rf4 29. Bd5 h5 30. Rd7 Re8 31. Raa7 Re1+ 32. Kg2 Ref1 33. Ra8+ Kh7 34.
Raa7 R1f2+ 35. Kg1 Rf1+ 36. Kg2 R4f2+ 37. Kh3 Rxb2 38. Rxf7 Rxf7 39. Rxf7 Kh6
40. Rb7 Be5 0-1

[Event "4NCL/Div3/WES2 vs. BRI2"]
[Site "Coventry ENG"]
[Date "2007.01.13"]
[Round "5.5"]
[White "Gregory, Keith D"]
[Black "Humphreys, Jerry"]
[Result "0-1"]
[WhiteElo "2077"]
[BlackElo "2102"]
[PlyCount "76"]
[EventDate "2007.01.13"]
[EventType "team"]
[EventRounds "11"]
[EventCountry "ENG"]
[WhiteTeam "Wessex 2"]
[BlackTeam "Bristol 2"]

1. Nf3 Nf6 2. c4 c5 3. g3 b6 4. Bg2 Bb7 5. O-O g6 6. b3 Bg7 7. Bb2 O-O 8. d3
Nc6 9. Nbd2 Qc7 10. Rb1 e6 11. a3 d5 12. b4 cxb4 13. axb4 dxc4 14. Nxc4 Rfd8
15. b5 Ne7 16. Qa4 Nfd5 17. Bxg7 Kxg7 18. Qa1+ f6 19. Rfc1 Qd7 20. e4 Nc7 21.
Nce5 Qd6 22. Nc6 Bxc6 23. e5 fxe5 24. bxc6 Nf5 25. Nxe5 Qd4 26. Be4 Qxa1 27.
Rxa1 Nd4 28. Ra2 b5 29. Rca1 a6 30. Nd7 Ra7 31. Nc5 Rda8 32. Nb7 Nd5 33. Nc5
Nc7 34. Nb7 Kf6 35. f4 Nd5 36. Nc5 Nb4 37. c7 Rc8 38. Nxa6 Nxa2 0-1

[Event "4NCL/Div3/WES2 vs. BRI2"]
[Site "Coventry ENG"]
[Date "2007.01.13"]
[Round "5.6"]
[White "Chaplin, Peter"]
[Black "Pym, Thomas W"]
[Result "0-1"]
[WhiteElo "2049"]
[BlackElo "2053"]
[PlyCount "110"]
[EventDate "2007.01.13"]
[EventType "team"]
[EventRounds "11"]
[EventCountry "ENG"]
[WhiteTeam "Bristol 2"]
[BlackTeam "Wessex 2"]

1. e4 g6 2. d4 Bg7 3. c4 d6 4. Nc3 e5 5. dxe5 dxe5 6. Qxd8+ Kxd8 7. Bg5+ f6 8.
O-O-O+ Bd7 9. Be3 Nh6 10. Be2 Nc6 11. Nd5 Rf8 12. Nf3 Kc8 13. Ne1 Nd4 14. Rxd4
exd4 15. Bxd4 c6 16. Ne3 Kc7 17. Nd3 b6 18. f3 Nf7 19. Nc2 Ne5 20. Nxe5 fxe5
21. Bc3 a5 22. Rd1 Rfe8 23. Ne1 Be6 24. b3 a4 25. Nd3 axb3 26. axb3 Ra3 27. Kc2
g5 28. Bb2 Ra5 29. h4 gxh4 30. f4 Rg8 31. f5 Bxf5 32. exf5 e4 33. Nf4 Bxb2 34.
Kxb2 Rxf5 35. Ne6+ Kc8 36. Kc3 c5 37. b4 Rg3+ 38. Kc2 Rxg2 39. Rd8+ Kb7 40. Kd1
h3 41. Rd7+ Kc6 42. Rxh7 h2 43. Ng7 Rf7 44. Rh6+ Kb7 45. Ne6 Rd7+ 46. Ke1 Rg1+
47. Kf2 h1=Q 48. Rxh1 Rxh1 49. bxc5 Re7 50. Bg4 e3+ 51. Ke2 Rh6 52. Bf3+ Kc8
53. Nd4 Rh2+ 54. Kd3 Rd2+ 55. Kc3 Rxd4 0-1

[Event "4NCL/Div3/WES2 vs. BRI2"]
[Site "Coventry ENG"]
[Date "2007.01.13"]
[Round "5.7"]
[White "Marsh, Roger"]
[Black "Richardt, Mike"]
[Result "1/2-1/2"]
[WhiteElo "2094"]
[BlackElo "2090"]
[PlyCount "32"]
[EventDate "2007.01.13"]
[EventType "team"]
[EventRounds "11"]
[EventCountry "ENG"]
[WhiteTeam "Wessex 2"]
[BlackTeam "Bristol 2"]

1. d4 d5 2. c4 Nc6 3. Nf3 Bg4 4. e3 e5 5. dxe5 d4 6. Be2 Bb4+ 7. Bd2 dxe3 8.
fxe3 Bxd2+ 9. Nbxd2 Nge7 10. Ne4 O-O 11. Kf2 Ng6 12. Qxd8 Raxd8 13. h3 Bxf3 14.
gxf3 Ngxe5 15. Rhd1 Rxd1 16. Rxd1 Rd8 1/2-1/2

[Event "4NCL/Div3/WES2 vs. BRI2"]
[Site "Coventry ENG"]
[Date "2007.01.13"]
[Round "5.8"]
[White "Owens, Megan"]
[Black "Goddard, Charlie"]
[Result "0-1"]
[WhiteElo "1760"]
[BlackElo "1800"]
[PlyCount "90"]
[EventDate "2007.01.13"]
[EventType "team"]
[EventRounds "11"]
[EventCountry "ENG"]
[WhiteTeam "Bristol 2"]
[BlackTeam "Wessex 2"]

1. d4 Nf6 2. c4 e6 3. Nc3 Bb4 4. e3 c5 5. Bd3 d5 6. Nge2 Nc6 7. dxc5 dxc4 8.
Bxc4 Qxd1+ 9. Kxd1 Bxc5 10. Bd2 a6 11. Rc1 Bd7 12. a3 Ne5 13. Nb1 Ne4 14. Rf1
b5 15. Bb3 Nd3 16. Rxc5 Nexc5 17. Kc2 Rc8 18. Bc3 Nxb3 19. Kxb3 O-O 20. Rd1
Nc5+ 21. Ka2 Bc6 22. Nd2 Bd5+ 23. Kb1 Na4 24. Bb4 Rfd8 25. Nc3 Nxc3+ 26. Bxc3
Bb3 27. Rc1 Bc4 28. Nxc4 Rxc4 29. Bb4 Rxc1+ 30. Kxc1 g6 31. g4 f5 32. gxf5 gxf5
33. Bc5 Rd5 34. Bd4 Kf7 35. Kc2 Kg6 36. f4 Kh5 37. Kd2 Kh4 38. Ke2 Kh3 39. Kf3
Kxh2 40. Bc3 Rd1 41. Ke2 Rg1 42. Be1 h5 43. b3 Kg2 44. b4 Rxe1+ 45. Kxe1 h4 0-1

[Event "4NCL/Div3/GUI4 vs. CHEDP"]
[Site "Coventry ENG"]
[Date "2007.01.14"]
[Round "6.1"]
[White "Shepley, Julien M"]
[Black "Bellin, Robert"]
[Result "0-1"]
[WhiteElo "2116"]
[BlackElo "2381"]
[PlyCount "114"]
[EventDate "2007.01.14"]
[EventType "team"]
[EventRounds "11"]
[EventCountry "ENG"]
[WhiteTeam "Guildford-ADC 4"]
[BlackTeam "Cheddleton"]

1. d4 e6 2. Nf3 f5 3. e4 fxe4 4. Ng5 Nf6 5. f3 c5 6. fxe4 cxd4 7. Bd3 Nc6 8.
Nd2 Qa5 9. Nh3 Be7 10. O-O O-O 11. Nc4 Qc7 12. a4 d6 13. Nf4 Ne5 14. Nxe5 dxe5
15. Nh3 Bd7 16. Bd2 h6 17. Nf2 Nh7 18. Qg4 Bg5 19. Bxg5 Nxg5 20. Nh3 Nh7 21. b3
Rxf1+ 22. Rxf1 Rf8 23. Bc4 Rxf1+ 24. Kxf1 Nf6 25. Qf3 a6 26. Nf2 b5 27. axb5
Bxb5 28. Bxb5 axb5 29. Qd3 Qc6 30. Ke2 Kf7 31. Kf3 Ke7 32. Ng4 Nd7 33. b4 Qc4
34. Qd2 Kd6 35. Nf2 Nf6 36. g4 Qc8 37. h3 Qf8 38. Kg2 Qa8 39. Qe2 Qc6 40. Kf3
Nd7 41. Nd3 Nb6 42. h4 Nc4 43. Qh2 Qa8 44. g5 Qe8 45. gxh6 Qh5+ 46. Kg3 Qxh6
47. Qf2 Ke7 48. Qf3 Qg6+ 49. Kf2 Qf6 50. Kg3 Nd2 51. Qg4 Kd6 52. Nc5 Nf1+ 53.
Kh3 Ne3 54. Qe2 Qf4 55. Nb7+ Ke7 56. Nc5 g6 57. Qd2 Qg4+ 0-1

[Event "4NCL/Div3/GUI4 vs. CHEDP"]
[Site "Coventry ENG"]
[Date "2007.01.14"]
[Round "6.2"]
[White "Wallace, Paul A"]
[Black "Hill, David F"]
[Result "1-0"]
[WhiteElo "2274"]
[BlackElo "2061"]
[PlyCount "47"]
[EventDate "2007.01.14"]
[EventType "team"]
[EventRounds "11"]
[EventCountry "ENG"]
[WhiteTeam "Cheddleton"]
[BlackTeam "Guildford-ADC 4"]

1. e4 c5 2. Nf3 Nc6 3. d4 cxd4 4. Nxd4 g6 5. c4 Bg7 6. Be3 Nf6 7. Nc3 d6 8. Be2
O-O 9. O-O a5 10. Ndb5 Nd7 11. Qd2 Nc5 12. Rad1 b6 13. f4 Be6 14. f5 Bd7 15.
Bh6 Ne5 16. Bxg7 Kxg7 17. f6+ exf6 18. Nxd6 Bc6 19. Rf4 Ned3 20. Rh4 h5 21.
Rxh5 gxh5 22. Nf5+ Kg8 23. Qh6 Ne6 24. Rxd3 1-0

[Event "4NCL/Div3/GUI4 vs. CHEDP"]
[Site "Coventry ENG"]
[Date "2007.01.14"]
[Round "6.3"]
[White "Smart, Michael R"]
[Black "Harman, Kenneth B"]
[Result "0-1"]
[WhiteElo "1978"]
[BlackElo "2168"]
[PlyCount "132"]
[EventDate "2007.01.14"]
[EventType "team"]
[EventRounds "11"]
[EventCountry "ENG"]
[WhiteTeam "Guildford-ADC 4"]
[BlackTeam "Cheddleton"]

1. e4 c5 2. Nf3 Nc6 3. d4 cxd4 4. Nxd4 g6 5. Nc3 Bg7 6. Be3 Nf6 7. Bc4 Qa5 8.
O-O O-O 9. h3 d6 10. a3 Bd7 11. Re1 Rac8 12. Ba2 Qh5 13. Qxh5 Nxh5 14. Nxc6
bxc6 15. g4 Nf6 16. Rad1 Rb8 17. Bb3 Be6 18. e5 dxe5 19. Bxa7 Rb7 20. Bc5 Bxb3
21. cxb3 Rxb3 22. Re2 Re8 23. a4 e6 24. a5 Nd5 25. Ne4 Ra8 26. Ra1 Rb5 27. b4
Nxb4 28. Bxb4 Rxb4 29. a6 Rb6 30. a7 Rb7 31. Rea2 Bf8 32. g5 Be7 33. Ra6 c5 34.
R1a4 Kg7 35. h4 Rb4 36. Nc3 Rb7 37. R6a5 h6 38. gxh6+ Kxh6 39. Kg2 f5 40. Nb5
Bd8 41. Nd6 Bxa5 42. Nxb7 Bb6 43. Ra6 Bxa7 44. Nxc5 Rc8 45. Nxe6 Bd4 46. Rd6
Rc4 47. Rd8 g5 48. Rh8+ Kg6 49. h5+ Kf6 50. Rh6+ Ke7 51. Nxg5 Rc2 52. Re6+ Kd7
53. Rf6 Rxf2+ 54. Kg3 Rf1 55. Nf3 Rxf3+ 56. Kxf3 e4+ 57. Kf4 Bxf6 58. Kxf5 e3
59. Kxf6 e2 60. h6 e1=Q 61. Kg7 Ke7 62. h7 Qg1+ 63. Kh8 Qa7 64. Kg7 Qd4+ 65.
Kg8 Qd8+ 66. Kg7 Qf8+ 0-1

[Event "4NCL/Div3/GUI4 vs. CHEDP"]
[Site "Coventry ENG"]
[Date "2007.01.14"]
[Round "6.4"]
[White "Bennett, Patrick"]
[Black "Gibbs, Daniel"]
[Result "1/2-1/2"]
[WhiteElo "2147"]
[BlackElo "1985"]
[PlyCount "110"]
[EventDate "2007.01.14"]
[EventType "team"]
[EventRounds "11"]
[EventCountry "ENG"]
[WhiteTeam "Cheddleton"]
[BlackTeam "Guildford-ADC 4"]

1. d4 g6 2. Nf3 Bg7 3. g3 d6 4. Bg2 Nf6 5. c4 O-O 6. O-O Nc6 7. Nc3 Bf5 8. d5
Na5 9. Nd4 Bd7 10. Qd3 c5 11. Nc2 a6 12. Rb1 b5 13. cxb5 c4 14. Qd1 axb5 15.
Be3 Bf5 16. Bd4 b4 17. e4 bxc3 18. exf5 cxb2 19. fxg6 hxg6 20. Rxb2 Qc8 21. Qd2
Nb7 22. Ne3 Ra4 23. Rc1 Na5 24. Rb5 c3 25. Bxc3 Nc4 26. Nxc4 Rxc4 27. Bb2 Rxc1+
28. Qxc1 Qxc1+ 29. Bxc1 Rc8 30. Bb2 Rc2 31. a4 Ng4 32. Bxg7 Kxg7 33. a5 Ra2 34.
Bf1 Nxf2 35. a6 Ne4 36. Rb7 Nc5 37. Rxe7 Nxa6 38. Rd7 Nb4 39. Rxd6 Rd2 40. Bg2
Kf8 41. Rb6 Rd1+ 42. Kf2 Nxd5 43. Rd6 Nc3 44. Rxd1 Nxd1+ 45. Ke2 Nc3+ 46. Kd3
Nb5 47. h4 f5 48. Bc6 Nd6 49. Kd4 Nf7 50. Bd5 Nh6 51. Ke5 Ke7 52. Kf4 Kf6 53.
Bf3 Nf7 54. Bd1 g5+ 55. hxg5+ Nxg5 1/2-1/2

[Event "4NCL/Div3/GUI4 vs. CHEDP"]
[Site "Coventry ENG"]
[Date "2007.01.14"]
[Round "6.5"]
[White "Bryant, Richard"]
[Black "Gilmore, Simon N"]
[Result "1/2-1/2"]
[WhiteElo "1944"]
[BlackElo "2055"]
[PlyCount "146"]
[EventDate "2007.01.14"]
[EventType "team"]
[EventRounds "11"]
[EventCountry "ENG"]
[WhiteTeam "Guildford-ADC 4"]
[BlackTeam "Cheddleton"]

1. e4 c6 2. c4 d5 3. exd5 cxd5 4. cxd5 Nf6 5. Nc3 g6 6. Qa4+ Nbd7 7. Be2 Bg7 8.
d6 exd6 9. Nf3 O-O 10. O-O Re8 11. d4 Nb6 12. Qd1 Nbd5 13. Bg5 Nxc3 14. bxc3
Qa5 15. Bxf6 Bxf6 16. Qd2 Be6 17. Rfb1 Qc7 18. Rb2 Rac8 19. Rc1 a6 20. a4 Bd5
21. Ne1 Qe7 22. h3 Kg7 23. Rcb1 Bg5 24. Qc2 Qe4 25. Bf3 Qe6 26. Bxd5 Qxd5 27.
Nf3 Bd8 28. Rxb7 Ba5 29. Qb3 Qe6 30. Ng5 Qxb3 31. R1xb3 Bxc3 32. Nxf7 Re1+ 33.
Kh2 Kf6 34. Nxd6 Rc6 35. R3b6 Rxb6 36. Rxb6 Bxd4 37. Rxa6 Ke5 38. Nc4+ Kd5 39.
Ne3+ Bxe3 40. fxe3 Rxe3 41. Ra7 Ra3 42. a5 Ke5 43. a6 Kf4 44. Ra8 Kg5 45. a7 h6
46. g3 Ra2+ 47. Kg1 Kh5 48. Kf1 Kg5 49. Ke1 Kh5 50. Kd1 g5 51. Kc1 Ra3 52. Kb2
Ra5 53. Kc3 Ra4 54. Kb3 Ra1 55. Kc4 Ra5 56. Kb4 Ra1 57. Kc5 Rc1+ 58. Kd5 Ra1
59. Ke6 Re1+ 60. Kf6 Rf1+ 61. Kg7 Ra1 62. g4+ Kh4 63. Kxh6 Ra6+ 64. Kg7 Kg3 65.
Kf7 Kxh3 66. Rh8+ Kxg4 67. a8=Q Rxa8 68. Rxa8 Kf3 69. Kf6 g4 70. Kf5 g3 71.
Ra3+ Kf2 72. Kf4 g2 73. Ra2+ Kg1 1/2-1/2

[Event "4NCL/Div3/GUI4 vs. CHEDP"]
[Site "Coventry ENG"]
[Date "2007.01.14"]
[Round "6.7"]
[White "Eckloff, Colin"]
[Black "Edwards, Roger J"]
[Result "1-0"]
[WhiteElo "1940"]
[BlackElo "1975"]
[PlyCount "71"]
[EventDate "2007.01.14"]
[EventType "team"]
[EventRounds "11"]
[EventCountry "ENG"]
[WhiteTeam "Guildford-ADC 4"]
[BlackTeam "Cheddleton"]

1. d4 d5 2. c4 c6 3. Nc3 Nf6 4. cxd5 Nxd5 5. e4 Nxc3 6. bxc3 Nd7 7. Bc4 e6 8.
Ne2 Be7 9. O-O O-O 10. Qd3 b5 11. Bb3 Nc5 12. Qe3 Nxb3 13. axb3 Bb7 14. c4 Qb6
15. Bd2 a5 16. Qg3 Kh8 17. c5 Qd8 18. Bf4 Bh4 19. Qe3 b4 20. Rfd1 Ba6 21. Ng3
Bb5 22. Nf1 a4 23. bxa4 Bxa4 24. Rdb1 b3 25. Nd2 Bf6 26. Bd6 Be7 27. e5 Re8 28.
Nc4 Bxd6 29. exd6 Bb5 30. Rxa8 Qxa8 31. Nb6 Qb7 32. Qxb3 Rd8 33. Ra1 g6 34. Qg3
h5 35. Qe5+ Kh7 36. Qf6 1-0

[Event "4NCL/Div3/GUI4 vs. CHEDP"]
[Site "Coventry ENG"]
[Date "2007.01.14"]
[Round "6.8"]
[White "Stepanyan, Astghik"]
[Black "Franklin, Samuel"]
[Result "0-1"]
[WhiteElo "1550"]
[BlackElo "1880"]
[PlyCount "80"]
[EventDate "2007.01.14"]
[EventType "team"]
[EventRounds "11"]
[EventCountry "ENG"]
[WhiteTeam "Cheddleton"]
[BlackTeam "Guildford-ADC 4"]

1. d4 Nf6 2. c4 g6 3. Nf3 Bg7 4. Nc3 O-O 5. Bg5 c5 6. d5 d6 7. e3 a6 8. a4 Qa5
9. Bd3 Bg4 10. O-O Nbd7 11. h3 Bxf3 12. Qxf3 Ne5 13. Qe2 Rfe8 14. Rac1 Nfd7 15.
Bc2 Nb6 16. Bb3 Qb4 17. Ba2 Nexc4 18. Bxc4 Qxc4 19. Qxc4 Nxc4 20. b3 Nd2 21.
Rfd1 Bxc3 22. Rxc3 Ne4 23. Rc4 Nxg5 24. h4 b5 25. axb5 axb5 26. Rcc1 Ne4 27. f3
Nf6 28. e4 Ra3 29. Rb1 Nd7 30. b4 c4 31. Kf1 Ra2 32. Ra1 Rea8 33. Rab1 Nb6 34.
Re1 f6 35. Re2 Rxe2 36. Kxe2 Ra2+ 37. Kf1 Na4 38. g4 c3 39. Ke1 Rh2 40. Kd1 c2+
0-1

[Event "4NCL/Div3/FCA1 vs. WES2"]
[Site "Coventry ENG"]
[Date "2007.01.14"]
[Round "6.1"]
[White "Hetey, Laszlo"]
[Black "Rutter, Nicholas"]
[Result "1-0"]
[WhiteElo "2337"]
[BlackElo "2189"]
[PlyCount "83"]
[EventDate "2007.01.14"]
[EventType "team"]
[EventRounds "11"]
[EventCountry "ENG"]
[WhiteTeam "FCA Solutions 1"]
[BlackTeam "Wessex 2"]

1. d4 Nf6 2. c4 e6 3. Nc3 Bb4 4. e3 Ne4 5. Qc2 Nxc3 6. bxc3 Be7 7. Bd3 h6 8.
Ne2 d5 9. O-O Nd7 10. Ng3 Nf6 11. cxd5 exd5 12. Nf5 O-O 13. Nxe7+ Qxe7 14. a4
Re8 15. Ba3 Qe6 16. c4 c6 17. cxd5 cxd5 18. Rab1 Ne4 19. a5 b6 20. f3 Nf6 21.
Rfe1 Bd7 22. axb6 axb6 23. Bb4 Rec8 24. Qb2 Ra4 25. Bd2 Rb8 26. Re2 Ne8 27. Bc2
Ra7 28. Qc3 Nd6 29. Qd3 g6 30. e4 h5 31. Bf4 Rbb7 32. exd5 Qxd5 33. Bb3 Bf5 34.
Qe3 Qc6 35. Rc1 Qd7 36. Qe5 Qb5 37. Qxb5 Nxb5 38. Re8+ Kh7 39. Be5 g5 40. Rh8+
Kg6 41. Rc6+ Be6 42. Bc2+ 1-0

[Event "4NCL/Div3/FCA1 vs. WES2"]
[Site "Coventry ENG"]
[Date "2007.01.14"]
[Round "6.2"]
[White "Clark, Ian C"]
[Black "Tippleston, Charles"]
[Result "1-0"]
[WhiteElo "2123"]
[BlackElo "2192"]
[PlyCount "63"]
[EventDate "2007.01.14"]
[EventType "team"]
[EventRounds "11"]
[EventCountry "ENG"]
[WhiteTeam "Wessex 2"]
[BlackTeam "FCA Solutions 1"]

1. e4 c5 2. Nf3 e6 3. d4 cxd4 4. Nxd4 Nf6 5. Nc3 Nc6 6. Be3 Bb4 7. Bd3 Qa5 8.
O-O Nxd4 9. Bxd4 e5 10. Be3 O-O 11. Nb5 a6 12. a3 Be7 13. b4 Qd8 14. Nc3 d6 15.
Nd5 Nxd5 16. exd5 f5 17. f4 Bf6 18. Rb1 a5 19. Qd2 e4 20. Be2 axb4 21. axb4 Qc7
22. c4 Bd7 23. Rfc1 Rfc8 24. c5 Qb8 25. c6 bxc6 26. dxc6 Be6 27. b5 d5 28. b6
Ra4 29. b7 Rc7 30. Bb6 Rf7 31. Qc2 d4 32. Qxa4 1-0

[Event "4NCL/Div3/FCA1 vs. WES2"]
[Site "Coventry ENG"]
[Date "2007.01.14"]
[Round "6.3"]
[White "Smith, Graham"]
[Black "Pleasants, Allan J"]
[Result "0-1"]
[WhiteElo "2133"]
[BlackElo "2075"]
[PlyCount "124"]
[EventDate "2007.01.14"]
[EventType "team"]
[EventRounds "11"]
[EventCountry "ENG"]
[WhiteTeam "FCA Solutions 1"]
[BlackTeam "Wessex 2"]

1. e4 c5 2. Nc3 e6 3. Nf3 Nc6 4. Bb5 Nd4 5. O-O a6 6. Bd3 d6 7. Nxd4 cxd4 8.
Ne2 e5 9. c3 dxc3 10. dxc3 Nf6 11. c4 Be7 12. Nc3 O-O 13. f3 Bd7 14. Be3 Rb8
15. Qe2 Bc6 16. Rfc1 Qd7 17. a4 a5 18. Kh1 Qe6 19. Nd5 Nd7 20. b4 axb4 21. Nxb4
Rfc8 22. Nd5 Nc5 23. Bc2 Bf8 24. a5 Be7 25. Ra3 Bd8 26. Rca1 Ra8 27. Bd2 Ra7
28. Bb4 Na6 29. Be1 Nc5 30. Bb4 Na6 31. Bc3 Nc5 32. Qd2 Rca8 33. Bb2 Bxd5 34.
exd5 Qd7 35. f4 e4 36. Rg3 f6 37. Bc3 b6 38. Qd4 bxa5 39. Bxe4 Nb3 40. Qd3 Nxa1
41. Bxh7+ Kf8 42. Bxa1 Rb8 43. Bf5 Rab7 44. h3 Qa4 45. Bc3 Rb1+ 46. Kh2 Qd1 47.
Qxd1 Rxd1 48. Bc2 Rc1 49. Ba4 Bb6 50. Rf3 Rb7 51. Bb5 Re7 52. Bb2 Rc2 53. Ba3
Bc7 54. h4 Ree2 55. Rg3 Rf2 56. Re3 Rxg2+ 57. Kh3 Rh2+ 58. Kg4 g6 59. Re8+ Kf7
60. Rc8 f5+ 61. Kg3 Rhd2 62. Rxc7+ Kf6 0-1

[Event "4NCL/Div3/FCA1 vs. WES2"]
[Site "Coventry ENG"]
[Date "2007.01.14"]
[Round "6.4"]
[White "Jenks, Bruce"]
[Black "Macdonald-Ross, Michael"]
[Result "1-0"]
[WhiteElo "2099"]
[BlackElo "2143"]
[PlyCount "123"]
[EventDate "2007.01.14"]
[EventType "team"]
[EventRounds "11"]
[EventCountry "ENG"]
[WhiteTeam "Wessex 2"]
[BlackTeam "FCA Solutions 1"]

1. c4 e6 2. g3 Nf6 3. Bg2 d5 4. Nf3 Be7 5. b3 O-O 6. Bb2 c5 7. cxd5 exd5 8. O-O
d4 9. d3 Nc6 10. Nbd2 Be6 11. Rc1 Rc8 12. Ng5 Bd5 13. Nge4 b6 14. a3 Ne8 15. f4
f5 16. Nf2 Bxg2 17. Kxg2 Nf6 18. Re1 Nd5 19. Nf1 Kh8 20. e4 dxe3 21. Nxe3 Nxe3+
22. Rxe3 Bf6 23. d4 Bxd4 24. Bxd4 Nxd4 25. Nd3 Qd5+ 26. Kf2 Nxb3 27. Ne5 Qxd1
28. Rxd1 Nd4 29. a4 Kg8 30. a5 b5 31. a6 Rf6 32. Nf3 Rd8 33. Re5 Rc8 34. Nxd4
cxd4 35. Rxd4 Rxa6 36. Rxf5 Ra3 37. Kg2 Ra2+ 38. Kh3 Rac2 39. Rxb5 R2c7 40. Kg4
Kf7 41. h4 Ke8 42. Rd6 Rd8 43. Ra6 Rdd7 44. Kg5 Rb7 45. Rba5 Kd8 46. g4 Kc8 47.
h5 Kb8 48. h6 Rb6 49. Rxb6+ axb6 50. Rb5 Kc7 51. f5 Kc6 52. Rb1 b5 53. hxg7
Rxg7+ 54. Kf4 Rb7 55. f6 b4 56. g5 Kd7 57. g6 hxg6 58. Kg5 b3 59. Kxg6 Ke8 60.
Re1+ Kf8 61. Ra1 Ke8 62. f7+ 1-0